| 000 | 00489nam a2200145 4500 | ||
|---|---|---|---|
| 008 | 240121b |||||||| |||| 00| 0 eng d | ||
| 082 |
_a370.8 _bSRI |
||
| 110 | _aSri Lanka, Ministry of Education | ||
| 245 | _aReport on issues related to education of the Muslim community in Sri Lanka | ||
| 260 |
_aColombo: _bMinistry of Education, _c2009 |
||
| 300 |
_a74 p. _bReference included |
||
| 650 | _aMUSLIM COMMUNITIES-Education-Sri Lanka | ||
| 650 | _aMinority education-Sri Lanka | ||
| 942 | _cRP | ||
| 999 |
_c4668 _d4668 |
||